KOHA-Header-6

Schaum's outLines of Theory And Problems of Statistics (Record no. 7728)

000 -LEADER
fixed length control field 00294nam a2200109Ia 4500
100 ## - MAIN ENTRY--AUTHOR NAME
Personal name Spiegel, Stephens
245 #0 - TITLE STATEMENT
Title Schaum's outLines of Theory And Problems of Statistics
260 ## - PUBLICATION, DISTRIBUTION, ETC. (IMPRINT)
Place of publication USA
Name of publisher Prentice Hall
Year of publication 1999
300 ## - PHYSICAL DESCRIPTION
Number of Pages 538
942 ## - ADDED ENTRY ELEMENTS (KOHA)
Koha item type Books
Holdings
Withdrawn status Lost status Collection code Permanent Location Current Location Shelving location Date acquired Full call number Accession Number Koha item type
    Statistics MAJU MAJU Shelf No.A27 2019-09-12 954.035 1794 Statistics

Powered by Koha